000 00907nam a22002417a 4500
999 _c8454
_d8454
003 AR-CdUCM
008 190325b ||||| |||| 00| 0 spa d
020 _a9786124188770
040 _aMUNICIPALIDAD PROVINCIAL DEL CUSCO
_cBIBLIOTECA MUNICIPAL DEL CUSCO
082 _a398.20985 /
_bP34P
100 _aPease G.Y., Franklin
_91834
245 _aEl pensamiento mítico :
_bantología /
_cFranklin Pease García-Yrigoyen
260 _aPuno :
_bUniversidad Nacional del Altiplano :
_b[Altiplano E.I.R.L.],
_c2015.
300 _a235 páginas ;
_c21 cm.
500 _aContiene dedicatoria.
505 _aContenido: Estudios americanos -- El pensamiento mítico ...
650 _aMitología peruana
_99864
650 _aReligión indígena - Perú
_923718
650 _aReligión aborigen - Peerú
_923719
700 _aMould de Pease, Mariana (Epílogo)
_923720
942 _2ddc
_cLIBROS
945 _alccs